Introductory Quantum Optics. (Record no. 5607)

MARC details
000 -LEADER
fixed length control field 00577nam a22002057a 4500
003 - CONTROL NUMBER IDENTIFIER
control field OSt
005 - DATE AND TIME OF LATEST TRANSACTION
control field 20240523105139.0
008 - FIXED-LENGTH DATA ELEMENTS--GENERAL INFORMATION
fixed length control field 170301b xxu||||| |||| 00| 0 eng d
020 ## - INTERNATIONAL STANDARD BOOK NUMBER
International Standard Book Number 052152735x
040 ## - CATALOGING SOURCE
Transcribing agency DDC.
082 ## - DEWEY DECIMAL CLASSIFICATION NUMBER
Classification number 535.15 GER 2005.
100 ## - MAIN ENTRY--PERSONAL NAME
Personal name Gerry, C. Christopher; Knight, L. Peter;
9 (RLIN) 11718
245 ## - TITLE STATEMENT
Title Introductory Quantum Optics.
260 ## - PUBLICATION, DISTRIBUTION, ETC. (IMPRINT)
Place of publication, distribution, etc. Cambridge;
Name of publisher, distributor, etc. Cambridge University Press.
Date of publication, distribution, etc. 2005.
300 ## - PHYSICAL DESCRIPTION
Extent xiii,317;
Other physical details ill:
Dimensions 26cm.
504 ## - BIBLIOGRAPHY, ETC. NOTE
Bibliography, etc References and index.
650 ## - SUBJECT ADDED ENTRY--TOPICAL TERM
Topical term or geographic name as entry element Quantum Optics
9 (RLIN) 16991
650 ## - SUBJECT ADDED ENTRY--TOPICAL TERM
Topical term or geographic name as entry element Physics
9 (RLIN) 809
942 ## - ADDED ENTRY ELEMENTS (KOHA)
Source of classification or shelving scheme Dewey Decimal Classification
Koha item type Open Shelf
Holdings
Withdrawn status Lost status Source of classification or shelving scheme Damaged status Not for loan Home library Current library Date acquired Source of acquisition Inventory number Total Checkouts Full call number Barcode Date last seen Koha item type
    Dewey Decimal Classification     MUST Main Library MUST Main Library 01/03/2017 Donation 06/26456   535.15 GER 2005. 2017-0292 01/03/2017 Open Shelf
    Dewey Decimal Classification     MUST Main Library MUST Main Library 28/03/2017 Donation 11/35074   535.15 GER 2005. 2017-0676 28/03/2017 Open Shelf
    Dewey Decimal Classification     MUST Main Library MUST Main Library 23/05/2024 Donation 06/26109   535.15 GER 2005. 2024-0215 23/05/2024 Open Shelf